| 000 | 01510cam a2200397 i 4500 | ||
|---|---|---|---|
| 001 | bg | ||
| 003 | BPK | ||
| 005 | 20220311101748.0 | ||
| 008 | 050601s2006 pl f f |000 0 pol | ||
| 015 | _aPB 6476/2005 | ||
| 020 | _a8320428149 | ||
| 020 | _a8320428130 | ||
| 040 | _cBPK | ||
| 041 | 0 | _apol | |
| 080 | _a621.01 | ||
| 080 | _a620.17 | ||
| 080 | _a531 | ||
| 080 | _a539.3/.6 | ||
| 080 | _a(075.8) | ||
| 100 | 1 |
_aMisiak, Jan _d(1942- ) _eAutor |
|
| 245 | 1 | 0 |
_aMechanika techniczna. _nT. 1, _pStatyka i wytrzymałość materiałów / _cJan Misiak. |
| 246 | 3 | 0 | _aStatyka i wytrzymałość materiałów |
| 250 | _aWyd. 6. | ||
| 260 |
_aWarszawa : _bWydawnictwa Naukowo-Techniczne, _c2003. |
||
| 300 |
_a294, [2] s. : _brys., wykr. ; _c24 cm. |
||
| 504 | _aBibliogr. przy rozdz. | ||
| 521 | _aDla studentów kierunków: ochrona środowiska, inżynieria środowiska, zarządzanie i marketing, technologia chemiczna, mechanika i budowa maszyn itp., a także kierunków nauczycielskich: wychowanie techniczne i fizyka. | ||
| 655 | 4 | _aPodręczniki akademickie | |
| 650 | 4 | _aMechanika stosowana | |
| 650 | 4 | _aWytrzymałość materiałów | |
| 650 | 4 | _aStatyka | |
| 710 | 2 |
_aWydawnictwa Naukowo-Techniczne _4pbl. |
|
| 856 |
_uhttp://koha.tu.koszalin.pl/cgi-bin/koha/opac-detail.pl?biblionumber=46130 _yKatalog online BPK |
||
| 942 |
_cKS _2UKD |
||
| 999 |
_c46130 _d46130 |
||